El universo
Guardado en:
| Formato: | Libro |
|---|---|
| Publicado: |
Madrid :
Billiken, s.f
|
| Series: | Biblioteca Billiken para la familia
|
| Materias: | |
| Etiquetas: |
Agregar Etiqueta
Sin Etiquetas, Sea el primero en etiquetar este registro!
|
| LEADER | 00827nam a22002055a 4500 | ||
|---|---|---|---|
| 001 | CEM.cems012640 | ||
| 005 | 20070625174132.0 | ||
| 008 | 130507b######################000#0#####d | ||
| 003 | CEMS | ||
| 020 | |a 9500820978 | ||
| 082 | 0 | 4 | |a 520 |
| 245 | 0 | 0 | |a El universo |
| 260 | |a Madrid : |b Billiken, s.f | ||
| 300 | |a 39 p. | ||
| 490 | 0 | |a Biblioteca Billiken para la familia | |
| 505 | 0 | |a Así se formo el universo -- La materia original -- Las estrellas -- Las galaxias -- La vida de una estrella -- El violento resplandor -- Una puerta al infinito -- El agujero negro -- Destellos lejanos -- Estructura del un universo -- El viaje de las galaxias -- La vía láctea -- La exploración del espacio | |
| 653 | |a Astronomía-2do. egb | ||
| 653 | |a Universo | ||
| 653 | |a Estrellas | ||
| 859 | |a CEMS |b BIB. CEMS - 11 de abril |h 520 |i Un3 |p 23949.07 |t Ej.1 | ||
